[Event "GER-chT U20 Girls"]
[Site "Osnabrueck"]
[Date "2013.12.30"]
[Round "7.4"]
[White "Schirrmeister, Laura"]
[Black "Goldhausen, Nina"]
[Result "1/2-1/2"]
[WhiteElo "992"]
[BlackElo "1078"]
[PlyCount "41"]
[EventDate "2013.12.27"]
[EventType "team-swiss"]
[EventRounds "7"]
[EventCountry "GER"]
[SourceTitle "EXT 2015"]
[Source "ChessBase"]
[SourceDate "2014.11.20"]
[SourceVersion "1"]
[SourceVersionDate "2014.11.20"]
[SourceQuality "1"]
[WhiteTeam "Burgtonna"]
[BlackTeam "Hattersheim"]
[WhiteTeamCountry "GER"]
[BlackTeamCountry "GER"]

1. e4 c6 2. Nf3 d5 3. e5 f6 4. d4 Bg4 5. c4 fxe5 6. dxe5 e6 7. Qb3 Qc7 8. Bf4 Bc5 9. cxd5 exd5 10. Be2 Ne7 11. h3 Bc8 12. 0-0 0-0 13. Be3 Bxe3 14. Qxe3 Bf5 15. Bd3 Nd7 16. e6 Bxd3 17. Qxd3 Nf6 18. Nbd2 Qd6 19. Rfe1 Rfe8 20. Nd4 c5 21. Nf5 1/2-1/2

[Event "GER-chT U20 Girls"]
[Site "Osnabrueck"]
[Date "2012.12.28"]
[Round "3.3"]
[White "Goldhausen, Nina"]
[Black "Finke, Lara"]
[Result "0-1"]
[WhiteElo "1093"]
[BlackElo "1501"]
[PlyCount "86"]
[EventDate "2012.12.27"]
[EventType "team-swiss"]
[EventRounds "7"]
[EventCountry "GER"]
[SourceTitle "EXT 2014"]
[Source "ChessBase"]
[SourceDate "2013.11.20"]
[SourceVersion "1"]
[SourceVersionDate "2013.11.20"]
[SourceQuality "1"]
[WhiteTeam "Hattersheim"]
[BlackTeam "Dortmund 1875"]
[WhiteTeamCountry "GER"]
[BlackTeamCountry "GER"]

1. c4 e5 2. Nc3 Nf6 3. g3 Bc5 4. Bg2 0-0 5. e3 d6 6. Nge2 Nc6 7. 0-0 Bd7 8. Kh1 Qc8 9. Ng1 Re8 10. d3 Bb6 11. a3 a5 12. Bd2 Bf5 13. e4 Bd7 14. Be3 Nd4 15. Nce2 Bg4 16. Rb1 Ba7 17. Qd2 Nxe2 18. Nxe2 Bh3 19. Bxh3 Qxh3 20. Ng1 Qd7 21. Bxa7 Rxa7 22. f4 exf4 23. Rxf4 Raa8 24. Rbf1 Re7 25. Qe2 Rae8 26. g4 h6 27. h4 Nh7 28. Qg2 f6 29. Nh3 Re5 30. d4 R5e7 31. R1f3 Rxe4 32. Rxe4 Rxe4 33. Rf4 Rxf4 34. Nxf4 c6 35. d5 c5 36. Kg1 Qe8 37. Qf1 Qe3+ 38. Kh1 Qe4+ 39. Kg1 Qd4+ 40. Kh1 Qxb2 41. Qf3 Qc1+ 42. Kh2 Qxc4 43. Ne2 b5 0-1